Turkic Language Family Tree - Statistics

General Stats
  • This quiz has been taken 1,152 times
  • The average score is 13 of 24
Answer Stats
Answer % Correct
Turkish
98%
Kazakh
92%
Turkmen
92%
Uzbek
91%
Azeri
88%
Kyrgyz
87%
Tatar
77%
Uyghur
77%
Yakut
63%
Bashkir
56%
Chuvash
53%
Crimean Tatar
52%
Gagauz
48%
Altai
45%
Tuvan
45%
Karakalpak
43%
Qashqai
38%
Nogai
34%
Karachay-Balkar
30%
Khakas
28%
Kumyk
26%
Khorasani Turkic
17%
Urum
13%
Rumelian Turkish
9%
No matching quizzes found
Score Distribution
Percent of People with Each Score
Percentile by Number Answered
Your Score History
You have not taken this quiz